STRATEGIC PLANNING FORMULATION OF CORPORATE STRATEGY: TEXT & CASES (Record no. 9004)
[ view plain ]
| 000 -LEADER | |
|---|---|
| fixed length control field | 00511nam a22001697a 4500 |
| 003 - CONTROL NUMBER IDENTIFIER | |
| control field | SGT |
| 020 ## - INTERNATIONAL STANDARD BOOK NUMBER | |
| International Standard Book Number | 033932455 |
| 082 ## - DEWEY DECIMAL CLASSIFICATION NUMBER | |
| Classification number | 658.4012,RAM |
| 100 ## - MAIN ENTRY--PERSONAL NAME | |
| Personal name | RAMASWAMY,V S |
| 245 ## - TITLE STATEMENT | |
| Title | STRATEGIC PLANNING FORMULATION OF CORPORATE STRATEGY: TEXT & CASES |
| 250 ## - EDITION STATEMENT | |
| Edition statement | 1ST |
| 260 ## - PUBLICATION, DISTRIBUTION, ETC. (IMPRINT) | |
| Place of publication, distribution, etc | NEW DELHI |
| Name of publisher, distributor, etc | MACMILLAN |
| Year of Publication | 1999 |
| 300 ## - PAGE DESCRIPTION | |
| No. of Pages | 462 |
| 650 ## - SUBJECT ADDED ENTRY--TOPICAL TERM | |
| Topical term or geographic name as entry element | PLANNING AND POLICY MAKING (EXECUTIVE MANAGEMENT) |
| 653 ## - KEYWORDS--INDEX TERM | |
| Keyword term | STRATEGIC PLANNING IN INDIA, GROUNDWORK OF STRATEGIC PLANNING, STRATEGY FORMULATION |
| 942 ## - ADDED ENTRY ELEMENTS (KOHA) | |
| Source of classification or shelving scheme | Dewey Decimal Classification |
| Koha item type | FCM Books |
| Withdrawn status | Lost status | Source of classification or shelving scheme | Damaged status | Not for loan | Collection code | Home library | Current library | Shelving location | Date acquired | Vendor Name | Cost, normal purchase price | SGTU | Total Checkouts | Full call number | Accession No. (Barcode) | Date last seen | Bill Date | Koha item type |
|---|---|---|---|---|---|---|---|---|---|---|---|---|---|---|---|---|---|---|
| Dewey Decimal Classification | COMMERCE MANAGEMENT | SGT Science & Social Sciences Library | SGT Science & Social Sciences Library | On Display | 14/06/2016 | GIFT | 258.00 | SGTU | 658.4012,RAM | CM299 | 14/06/2016 | 14/06/2016 | FCM Books |